书目信息 |
| 题名: |
老年心理学
|
|
| 作者: | 长谷川和夫 , 霜山德尔 主编 ;车文博 译 | |
| 分册: | ||
| 出版信息: | 哈尔滨 黑龙江人民出版社 1997.6 |
|
| 页数: | 408页 | |
| 开本: | 32开 | |
| 丛书名: | 中外心理学丛书 | |
| 单 册: | ||
| 中图分类: | B844.4 | |
| 科图分类: | ||
| 主题词: | 发展心理学 | |
| 电子资源: | ||
| ISBN: | 7-207-03748-1 | |
| 000 | 00769nam0 2200253 45 | |
| 001 | 0012070932 | |
| 005 | 20031225111650.1 | |
| 010 | @a7-207-03748-1@dCNY16.80 | |
| 100 | @a20001207d1997 km y0chiy0120 ea | |
| 101 | 0 | @achi@cjpn |
| 105 | @a z 000yy | |
| 200 | 1 | @a老年心理学@ALao Nian Xin Li Xue@f(日)长谷川和夫,霜山德尔主编@F(Ri)Chang Gu Chuan He Fu,Shuang ShanDe Er Zhu Bian@g车文博等译 |
| 205 | @a2版 | |
| 210 | @a哈尔滨@c黑龙江人民出版社@d1997.6 | |
| 215 | @a408页@d32开 | |
| 225 | @a中外心理学丛书 | |
| 410 | @12001 @a中外心理学丛书 | |
| 606 | 0 | @a发展心理学 |
| 690 | @aB844.4@v1 | |
| 701 | 0 | @a长谷川和夫@4主编 |
| 701 | 0 | @a霜山德尔@4主编 |
| 702 | 0 | @a车文博@AChe Wen Bo@4译 |
| 801 | @aCN@bTSTC@c20001207 | |
| 905 | @b293939-940@dB844.4@e328=2@f2 | |
| 老年心理学/(日)长谷川和夫,霜山德尔主编/车文博等译.-2版.-哈尔滨:黑龙江人民出版社,1997.6 |
| 408页;32开.-(中外心理学丛书) |
| ISBN 7-207-03748-1:CNY16.80 |
| ● |
| 相关链接 |
|
|
|
|
正题名:老年心理学
索取号:B844.4/328=2
 
预约/预借
| 序号 | 登录号 | 条形码 | 馆藏地/架位号 | 状态 | 备注 |
| 1 | 0293939 | 002939397 | 第一借阅区/ [索取号:B844.4/328=2] | 在馆 | |
| 2 | 0293940 | 002939404 | 第一样本阅览室/ [索取号:B844.4/328=2] | 在馆 |